[Event "Dieren op"]
[Site "Dieren"]
[Date "1988.??.??"]
[Round "2"]
[White "Timmerman, Gert J"]
[Black "Cifuentes Parada, Roberto"]
[Result "1/2-1/2"]
[WhiteElo "2295"]
[BlackElo "2480"]

1.e4 c5 2.Nf3 d6 3.d4 cxd4 4.Nxd4 Nf6 5.Nc3 Nc6 6.Bg5 Bd7 7.Be2 Qa5 8.Bxf6 gxf6
9.Nb3 Qg5 10.Nd5 O-O-O 11.O-O Rg8 12.g3 f5 13.f4 Qg7 14.exf5 Bxf5 15.Bf3 Bg4
16.Bxg4+ Qxg4 17.Qd2 h5 18.Na5 h4 19.Nxc6 bxc6 20.Qc3 Kd7 21.Ne3 Qg7 22.Qxg7 Bxg7
23.c3 Rb8 24.Rf2 hxg3 25.hxg3 d5 26.Kg2 e6 27.Re1 Kd6 28.Kf3 Rh8 29.Ng4 Rb7
30.Ree2 Rh1 31.Rh2 Rf1+ 32.Kg2 Rb1 33.Kf3 f6 34.Rh7 Re7 35.Reh2 a5 36.Rd2 a4
37.c4 Ra1 38.cxd5 cxd5 39.a3 Kc5 40.Rc2+ Kd6 41.Rc8 Rb7 42.Rd8+ Kc5 43.Ne3 f5
44.Rc8+ Kb6 45.Re8 Bxb2 46.Rxe6+ Ka7 47.Ree7 Rxe7 48.Rxe7+ Kb8 49.Re6 Kb7
50.Nxf5 Rxa3+ 51.Kg4 Rb3 52.Nd6+ Kc7 53.f5 a3 54.f6 Rb4+ 55.Kh5 a2 56.f7 a1=Q
57.f8=Q Qh1+ 58.Kg5 Bc1+ 59.Kf6 Qf3+ 60.Nf5 Bb2+ 61.Ke7 Rb7 62.Qf7 Qc3 63.Rd6 Qe5+
64.Re6  1/2-1/2

[Event "Dieren op"]
[Site "Dieren"]
[Date "1988.??.??"]
[Round "4"]
[White "Timmer, Robert"]
[Black "Cifuentes Parada, Roberto"]
[Result "1/2-1/2"]
[WhiteElo "2295"]
[BlackElo "2480"]

1.e4 c5 2.Nf3 d6 3.d4 cxd4 4.Nxd4 Nf6 5.Nc3 Nc6 6.Bg5 Bd7 7.Be2 Qa5 8.Bxf6 gxf6
9.Nb3 Qg5 10.Nd5 O-O-O 11.O-O Rg8 12.g3 f5 13.f4 Qg7 14.exf5 Bxf5 15.Bf3 Bg4
16.Bxg4+ Qxg4 17.Qd2 h5 18.Rae1 Qd7 19.Re3 Bg7 20.Rfe1 e6 21.Nb4 Kb8 22.c4 h4
23.Rd3 hxg3 24.hxg3 Nxb4 25.Qxb4 Qc6 26.Nd2 Qc5+ 27.Qxc5 dxc5 28.Rxd8+ Rxd8
29.Ne4 Bxb2 30.Kg2 b6 31.Rb1 Bg7 32.Rh1 Rd7 33.Rh7 f6 34.g4 Kc8 35.Ng3 b5
36.cxb5 c4 37.Rh1 f5 38.gxf5 exf5 39.Rc1 Rd2+ 40.Kf1 c3 41.Nxf5 Bh8 42.Ne3 Rxa2
43.Rc2 Ra4 44.f5 Kd7 45.Ke2 Kd6 46.Nd1 Re4+ 47.Kd3 Rd4+ 48.Ke2 Rd5 49.Nxc3 Rxf5
50.Kd3 Kc5 51.Rf2 Rh5 52.Kc2 Bd4 53.Rf8 Rh3 54.Ne2 Be5 55.Rf5 Kd6 56.Rg5 Re3
57.Nc1 Rc3+ 58.Kd2 Rh3 59.Nd3 Rh2+ 60.Kc1 Bd4 61.Rf5 Ke6 62.Rf3 Kd5 63.Nb4+ Kc4
64.Nc2 Bb6 65.Kb2 Bd4+ 66.Kc1 Rh1+ 67.Kd2 Bc5 68.Na3+ Kb4 69.Nc2+ Kxb5 70.Kc3 a5
71.Kb2 Rh2 72.Rb3+ Bb4 73.Rg3 a4 74.Kb1 Bd6 75.Re3 Rf2 76.Na3+ Kb4 77.Nc2+ Kc4
78.Rh3 Be5 79.Na3+ Kd5 80.Rd3+ Ke4 81.Rh3 Rg2 82.Rh4+ Kd3 83.Rxa4 Rb2+ 84.Kc1 Ra2
85.Rh4 Bd4 86.Rxd4+ Kxd4 87.Nb1 Kd3 88.Kd1 Rc2 89.Na3 Rc8 90.Nb1 Rc7 91.Na3 Rh7
92.Kc1 Rh2 93.Nb1 Rc2+ 94.Kd1 Rc6 95.Na3 Rc5 96.Nb1 Rb5 97.Kc1 Rb3 98.Nd2 Rc3+
99.Kd1 Rc2 100.Nb1 Rg2 101.Kc1 Rg1+ 102.Kb2 Rh1 103.Na3 Rh8 104.Kc1 Rb8 105.Nb1 Rb3
106.Nd2 Ra3 107.Nb1 Ra2 108.Kd1 Rb2 109.Kc1 Rb8 110.Na3 Rc8+ 111.Kd1 Kc3
112.Nb1+ Kb2 113.Nd2 Re8  1/2-1/2

[Event "Dordrecht"]
[Site "Dordrecht"]
[Date "1988.??.??"]
[Round "?"]
[White "Lau, Ralf"]
[Black "Piket, Jeroen"]
[Result "1/2-1/2"]
[WhiteElo "2540"]
[BlackElo "2470"]

1.e4 c5 2.Nf3 d6 3.d4 cxd4 4.Nxd4 Nf6 5.Nc3 Nc6 6.Bg5 e6 7.Qd2 Be7 8.O-O-O O-O
9.Nb3 Qb6 10.f3 Rd8 11.h4 d5 12.exd5 Nxd5 13.Bxe7 Ncxe7 14.Bc4 Bd7 15.Nxd5 Nxd5
16.Bxd5 Bc6 17.c4 Qc7 18.Kb1 exd5 19.c5 Ba4 20.Qd4 Bxb3 21.axb3 b6 22.b4 a5
23.cxb6 Qc6 24.Rc1 Qg6+ 25.Rc2 axb4 26.Qxb4 Rab8 27.b7 Qa6 28.Rc7 Qd3+ 29.Ka2 Ra8+
30.bxa8=Q Rxa8+ 31.Qa3 Rxa3+ 32.bxa3 Qe2+ 33.Kb3 Qb5+ 34.Ka2 Qe2+ 35.Kb3 Qb5+  1/2-1/2

[Event "DSV-Turnier"]
[Site "Dresden"]
[Date "1988.??.??"]
[Round "?"]
[White "Horvath, Csaba"]
[Black "Lanc, Alois"]
[Result "1-0"]
[WhiteElo "2390"]
[BlackElo "2435"]

1.e4 c5 2.Nf3 Nc6 3.d4 cxd4 4.Nxd4 Nf6 5.Nc3 d6 6.Bg5 e6 7.Qd2 a6 8.O-O-O h6
9.Bf4 Bd7 10.Nxc6 Bxc6 11.f3 d5 12.Qe1 Bb4 13.a3 Bxc3 14.Qxc3 O-O 15.g4 Rc8
16.Qe3 Nd7 17.exd5 Bxd5 18.Rg1 Qb6 19.Be2 Rc5 20.Kb1 Rfc8 21.c4 e5 22.Bxe5 Bxc4
23.Rxd7 Bxe2 24.Qxe2 Qg6+ 25.Qe4 Qxe4+ 26.fxe4 Rxe5 27.Rxb7 Rxe4 28.Rg3 Rc6
29.h3 Rf4 30.Ka2 Rg6 31.Rc3 Re6 32.b4 g6 33.Kb3 Kg7 34.Ka4 Rfe4 35.Rf3 Re7
36.Rxe7 Rxe7 37.Ka5 Re6 38.a4 h5 39.g5 Kf8 40.Rf6 Re3 41.Kxa6 Rxh3 42.b5  1-0

[Event "FIN-chT"]
[Site "?"]
[Date "1988.??.??"]
[Round "?"]
[White "Raaste, Eero J"]
[Black "Paavilainen, Jorma"]
[Result "1/2-1/2"]
[WhiteElo "2415"]
[BlackElo "2285"]

1.e4 c5 2.Nf3 d6 3.d4 cxd4 4.Nxd4 Nf6 5.Nc3 Nc6 6.Bg5 e6 7.Qd2 a6 8.Be2 Be7
9.Rd1 Bd7 10.Nf3 Qc7 11.O-O Ne5 12.a4 Bc6 13.Bxf6 Nxf3+ 14.Bxf3 Bxf6 15.Qxd6 Qxd6
16.Rxd6 Ke7 17.Rd3 Rhd8 18.Rfd1 Bxc3 19.Rxc3 Rxd1+ 20.Bxd1 Rd8 21.Bf3 Bxa4
22.e5  1/2-1/2

[Event "FIN-SWE"]
[Site "?"]
[Date "1988.??.??"]
[Round "1"]
[White "Ernst, Thomas"]
[Black "Maki, Veijo"]
[Result "1/2-1/2"]
[WhiteElo "2455"]
[BlackElo "2365"]

1.e4 c5 2.Nf3 d6 3.d4 cxd4 4.Nxd4 Nf6 5.Nc3 Nc6 6.Bg5 e6 7.Qd2 a6 8.O-O-O Bd7
9.f4 Be7 10.Nf3 b5 11.Bxf6 gxf6 12.Kb1 Qb6 13.f5 O-O-O 14.g3 Kb8 15.fxe6 fxe6
16.Bh3 Bc8 17.Qe1 Bf8 18.Ne2 Bg7 19.Rf1 Rhe8 20.Nfd4 Nxd4  1/2-1/2

[Event "Frankfurt"]
[Site "Frankfurt"]
[Date "1988.??.??"]
[Round "4"]
[White "Doery, Jeno"]
[Black "Carton, Patrick"]
[Result "1-0"]
[WhiteElo "2300"]
[BlackElo "2240"]

1.e4 c5 2.Nf3 d6 3.d4 cxd4 4.Nxd4 Nf6 5.Nc3 Nc6 6.Bg5 e6 7.Qd2 a6 8.O-O-O h6
9.Be3 Be7 10.f3 Nxd4 11.Bxd4 e5 12.Be3 Be6 13.Kb1 O-O 14.g4 b5 15.h4 Re8
16.g5 Nh5 17.Bh3 Qd7 18.Bxe6 fxe6 19.gxh6 g6 20.Ne2 Kh7 21.f4 Qc6 22.Qd3 Rad8
23.Rhg1 Rf8 24.Rdf1 Rf6 25.f5 gxf5 26.exf5 Qd5 27.Nd4 exd4 28.fxe6+ Kh8 29.Bxd4 Rf8
30.Bxf6+ Nxf6 31.Rxf6  1-0

[Event "Frunze"]
[Site "Frunze"]
[Date "1988.??.??"]
[Round "?"]
[White "Vladimirov, Evgeny"]
[Black "Aseev, Konstantin N"]
[Result "1-0"]
[WhiteElo "2540"]
[BlackElo "2445"]

1.e4 c5 2.Nf3 d6 3.d4 cxd4 4.Nxd4 Nf6 5.Nc3 Nc6 6.Bg5 e6 7.Qd2 a6 8.O-O-O h6
9.Be3 Nxd4 10.Qxd4 Be7 11.f4 Qa5 12.Be2 e5 13.fxe5 dxe5 14.Qb6 Qxb6 15.Bxb6 Be6
16.Bc7 Nd7 17.Nd5 Rc8 18.Ba5 Bd8 19.Bb4 h5 20.Kb1 g6 21.b3 Nc5 22.Bf3 O-O
23.Rhe1 Re8 24.Re3 Nd7 25.Red3 Nf6 26.Rc3 Rxc3 27.Nxc3 Nh7 28.Bd6 f6 29.Bc5 Ng5
30.Be2 Be7 31.Be3 Rc8 32.Rd3 Bc5 33.Bxc5 Rxc5 34.Kb2 Kg7 35.g3 Rc8 36.h4 Nf7
37.Nd5 f5 38.exf5 Bxf5 39.Rd2 Rd8 40.c4 Nh6 41.Kc3 Be4 42.Ne3 Rxd2 43.Kxd2 a5
44.c5 Kf6 45.a3 Bc6 46.g4 hxg4 47.Nxg4+ Nxg4 48.Bxg4 e4 49.Ke3 Ke5 50.Be2 Kd5
51.b4 axb4 52.axb4 Ba4 53.Bf1 Bd1 54.Bb5 Bh5 55.Be8 Kc4 56.Kxe4 Kxb4 57.Kd4 Ka5
58.Ke5 b5 59.c6 b4 60.Bxg6 Bg4 61.h5  1-0

[Event "Frunze"]
[Site "Frunze"]
[Date "1988.??.??"]
[Round "?"]
[White "Klovans, Janis"]
[Black "Serper, Grigory"]
[Result "0-1"]
[WhiteElo "2400"]
[BlackElo "2435"]

1.e4 c5 2.Nf3 d6 3.d4 cxd4 4.Nxd4 Nf6 5.Nc3 Nc6 6.Bg5 e6 7.Qd2 a6 8.O-O-O h6
9.Be3 Nxd4 10.Qxd4 Qc7 11.f4 b5 12.Be2 Bb7 13.Bf3 Be7 14.g4 Rc8 15.g5 hxg5
16.fxg5 Rh3 17.Rhf1 Nd7 18.Qxg7 Ne5 19.g6 fxg6 20.Bg4 Nxg4 21.Qxg6+ Kd7 22.Qxg4 Rxe3
23.Rf7 Rxc3 24.Rxe7+ Kxe7 25.Qg7+ Ke8 26.Qg8+ Kd7 27.Qg7+ Kc6 28.Qxc3+ Kb6
29.Qe3+ Qc5 30.Rxd6+ Rc6 31.Rxc6+ Kxc6 32.Qf4 e5  0-1

[Event "Frunze"]
[Site "Frunze"]
[Date "1988.??.??"]
[Round "?"]
[White "Klovans, Janis"]
[Black "Timoshchenko, Gennadi A"]
[Result "0-1"]
[WhiteElo "2400"]
[BlackElo "2455"]

1.e4 c5 2.Nf3 d6 3.d4 cxd4 4.Nxd4 Nf6 5.Nc3 Nc6 6.Bg5 e6 7.Qd2 Be7 8.O-O-O O-O
9.Nb3 Qb6 10.f3 Rd8 11.Be3 Qc7 12.Qf2 Nd7 13.Nb5 Qb8 14.Qg3 Nf6 15.h4 a6
16.Nc3 b5 17.h5 Ne8 18.f4 Qc7 19.Nd4 Bd7 20.Bd3 Bf6 21.Nce2 Nb4 22.Kb1 Rdc8
23.Qe1 a5 24.Qd2 Qb7 25.g4 e5 26.fxe5 Bxe5 27.g5 Bg4 28.Rdg1 Bxe2 29.Qxe2 d5
30.g6 dxe4 31.Bxb5 Nd6 32.a4 Qd5 33.b3 Bxd4 34.Rd1 Nxb5 35.axb5 Rxc2  0-1

[Event "Frunze"]
[Site "Frunze"]
[Date "1988.??.??"]
[Round "?"]
[White "Klovans, Janis"]
[Black "Dautov, Rustem"]
[Result "0-1"]
[WhiteElo "2400"]
[BlackElo "2525"]

1.e4 c5 2.Nf3 Nc6 3.d4 cxd4 4.Nxd4 Nf6 5.Nc3 d6 6.Bg5 e6 7.Qd2 Be7 8.O-O-O O-O
9.Nb3 a6 10.Bxf6 gxf6 11.f4 Kh8 12.Kb1 Rg8 13.g3 b5 14.f5 Bd7 15.Ne2 b4 16.Nf4 Ra7
17.Bh3 e5 18.Nd5 Bf8 19.Bf1 a5 20.Nc1 Nb8 21.Bc4 Bc6 22.Qe2 Nd7 23.g4 Nb6
24.Nxb6 Qxb6 25.h4 Rc7 26.g5 fxg5 27.hxg5 Rxg5 28.Bd5 f6 29.Bxc6 Qxc6 30.Rd5 Qc4
31.Rd3 a4 32.b3 axb3 33.cxb3 Qc6 34.Rd2 Rg3 35.Nd3 Qb5 36.Nb2 Qxe2 37.Rxe2 Rcg7
38.Nc4 Rg2 39.Rh2 Rxh2 40.Rxh2 Rg4 41.Re2 h5 42.Nb6 h4 43.Kc2 Bh6 44.Kd3 Rg3+
45.Kc4 Re3 46.Rh2 Rxe4+ 47.Kd5 Rd4+ 48.Ke6 Bg5 49.Nd5 Kg7 50.Nxf6 Bxf6 51.Rg2+ Kh6
52.Kxf6 h3 53.Rg8 Kh7 54.Rg7+ Kh6 55.Rg8 Kh5 56.Ke7 Rf4 57.f6 e4 58.f7 e3
59.Rg3 h2 60.Rh3+ Kg4  0-1

[Event "Peer Gynt"]
[Site "Gausdal"]
[Date "1988.??.??"]
[Round "?"]
[White "Westerinen, Heikki MJ"]
[Black "Inkiov, Ventzislav"]
[Result "1-0"]
[WhiteElo "2395"]
[BlackElo "2485"]

1.e4 c5 2.Nf3 d6 3.d4 cxd4 4.Nxd4 Nf6 5.Nc3 Nc6 6.Bg5 e6 7.Bb5 Bd7 8.Bxc6 bxc6
9.Qf3 Qb6 10.O-O-O Be7 11.Nb3 a5 12.a4 h6 13.e5 hxg5 14.exf6 gxf6 15.Ne4 d5
16.Nxf6+ Kd8 17.Rhe1 Bc8 18.Re5 Qb4 19.Re4 Qd6 20.Qc3 Rh4 21.g3 Rxe4 22.Nxe4 Qb4
23.Qe5 f5 24.Nd4 Ra6 25.Nc3 Rb6 26.Nb3 Bd7 27.Rd4 Qd6 28.Qh8+ Kc7 29.Qa8 e5
30.Rxd5 Qb4 31.Rxe5 Bf6 32.Rxa5 Bc8 33.Nd5+ cxd5 34.Rc5+ Kd6 35.Qxd5+ Ke7
36.Rc7+  1-0

[Event "Dreszer mem"]
[Site "Gdynia"]
[Date "1988.??.??"]
[Round "12"]
[White "Lhagvasuren, Cedendemberel"]
[Black "Nicevski, Risto"]
[Result "0-1"]
[WhiteElo "2385"]
[BlackElo "2380"]

1.e4 c5 2.Nf3 Nc6 3.d4 cxd4 4.Nxd4 Nf6 5.Nc3 d6 6.Bg5 e6 7.Qd2 Be7 8.O-O-O Nxd4
9.Qxd4 O-O 10.f3 a6 11.h4 b5 12.a3 Bb7 13.h5 h6 14.Bh4 Rc8 15.g4 Rc5 16.Rg1 e5
17.Qd3 Ne8 18.Bf2 Rc7 19.Kb1 Bg5 20.a4 b4 21.Nd5 Bxd5 22.Qxd5 Nf6 23.Qa5 Rc6
24.Qxb4 Qc7 25.Bd3 Rb8 26.Qa3 d5 27.exd5 Nxd5 28.Bh7+ Kxh7 29.Rxd5 Rc3 30.Rc5 Rxa3
31.Rxc7 Rxf3 32.Bc5 e4 33.Be7 Bd2 34.g5 hxg5 35.Bxg5 Bxg5 36.Rxg5 Rf1+ 37.Ka2 Re8
38.Ra5 f6 39.Rc6 Re7 40.b4 f5 41.b5 axb5 42.axb5 f4 43.b6 f3  0-1

[Event "Geneve op"]
[Site "Geneve"]
[Date "1988.??.??"]
[Round "?"]
[White "Mrdja, Milan"]
[Black "Kosten, Anthony C"]
[Result "1-0"]
[WhiteElo "2370"]
[BlackElo "2515"]

1.e4 c5 2.Nf3 Nc6 3.d4 cxd4 4.Nxd4 Nf6 5.Nc3 d6 6.Bg5 e6 7.Qd2 a6 8.O-O-O h6
9.Be3 Be7 10.f4 Nxd4 11.Bxd4 b5 12.Qe1 Bb7 13.a3 Rc8 14.Bd3 Qc7 15.Qg3 e5
16.fxe5 Nh5 17.Qg4 Bg5+ 18.Kb1 dxe5 19.Bf2 Nf4 20.Be3 O-O 21.Rhf1 Qe7 22.Bxf4 exf4
23.Nd5 Bxd5 24.exd5 Rcd8 25.Rde1 Qd7 26.Qxd7 Rxd7 27.c4 bxc4 28.Bxc4 a5 29.a4 g6
30.Re4 Kg7 31.Kc2 Rb8 32.b3 Rbb7 33.Re8 Rbc7 34.Kd3 Re7 35.Rxe7 Rxe7 36.Kd4 Bf6+
37.Kc5 Re4 38.Rd1 g5 39.d6 Kf8 40.Rd5 Bd8 41.h3 f6 42.Kc6 Ke8 43.Rb5 Re5
44.Rb7 Re4 45.Rh7  1-0

[Event "NRW-Liga I"]
[Site "Germany"]
[Date "1988.??.??"]
[Round "?"]
[White "Gawehns, Klaus"]
[Black "Hund, Barbara"]
[Result "1/2-1/2"]
[WhiteElo "2365"]
[BlackElo "2315"]

1.Nf3 c5 2.e4 d6 3.d4 cxd4 4.Nxd4 Nf6 5.Nc3 Nc6 6.Bg5 e6 7.Qd2 a6 8.O-O-O h6
9.Bf4 Bd7 10.Nxc6 Bxc6 11.Qe1 Qa5 12.Kb1 Be7 13.f3 e5 14.Bd2 Qc7 15.Bc4 O-O
16.Bb3 b5 17.Be3 Rac8 18.Qe2 Qb7 19.g4 a5 20.Nd5 a4 21.Nxf6+ Bxf6 22.Bd5 b4
23.h4 Be7 24.Bc4 Rcd8 25.g5 h5 26.g6 d5 27.gxf7+ Rxf7 28.exd5 Bxd5 29.Rxd5 Rxd5
30.Bg5 Rc5 31.Bxf7+ Kxf7 32.Bxe7 Kxe7 33.Qe3 Qd5 34.Qg5+ Kf8 35.Qxh5 a3 36.Qh8+ Qg8
37.Qxg8+ Kxg8 38.Re1 Rd5 39.Kc1 Kf7 40.Re4 Rb5 41.b3 Kf6 42.Rc4 Ke6 43.Kd2 Rd5+
44.Ke2 Rb5 45.Ke3 Kf5 46.c3 bxc3 47.Rxc3 Rd5 48.Rc7 Rd1 49.Rf7+ Ke6 50.Rxg7 Re1+
51.Kd3  1/2-1/2

[Event "Hallein op"]
[Site "Hallein"]
[Date "1988.??.??"]
[Round "7"]
[White "Mueller, Helge"]
[Black "Lendwai, Reinhard"]
[Result "1-0"]
[WhiteElo "2310"]
[BlackElo "2295"]

1.e4 c5 2.Nf3 d6 3.d4 cxd4 4.Nxd4 Nf6 5.Nc3 Nc6 6.Bg5 Bd7 7.Qd2 Rc8 8.O-O-O Nxd4
9.Qxd4 Qa5 10.f4 h6 11.Bh4 g5 12.fxg5 hxg5 13.Be1 Bg7 14.Bc4 Qc5 15.Qxc5 Rxc5
16.Bd3 Ng4 17.h3 a6 18.Kb1 Be6 19.Rc1 Ne5 20.Bf2 Rc8 21.Ne2 Ng6 22.Be3 Bf6
23.Nd4 Bd7 24.Rhf1 Be5 25.Nf5 Nf4 26.Rf2 Be6 27.Bf1 b5 28.h4 Bxf5 29.exf5 f6
30.Rd1 Rg8 31.a4 bxa4 32.Bxa6 Rb8 33.c4 Rb4 34.hxg5 fxg5 35.Ka2 Kf7 36.Bd4 Bxd4
37.Rxd4 Rb3 38.c5 dxc5 39.Rxa4 Rg3 40.Bc4+ Kg7 41.Bxg8 Kxg8 42.Rc4 Nxg2 43.f6 Kf7
44.fxe7+ Kxe7 45.Rxc5 Nf4 46.Rc4 Ke6 47.Rd2 Re3 48.b4 Re5 49.Kb3 Re1 50.b5 Kf5
51.b6 Re8 52.b7 Rb8 53.Rd7 Ne6  1-0

[Event "FIN-ch"]
[Site "Helsinki"]
[Date "1988.??.??"]
[Round "6"]
[White "Ebeling, Mika"]
[Black "Paavilainen, Jorma"]
[Result "1-0"]
[WhiteElo "2320"]
[BlackElo "2285"]

1.e4 c5 2.Nf3 Nc6 3.d4 cxd4 4.Nxd4 Nf6 5.Nc3 d6 6.Bg5 e6 7.Qd2 a6 8.O-O-O h6
9.Be3 Nxd4 10.Bxd4 b5 11.f3 Bb7 12.h4 Qa5 13.a3 O-O-O 14.Qf2 Nd7 15.Kb1 Kb8
16.Bd3 Rc8 17.Na2 Qc7 18.Rc1 Nc5 19.Be2 d5 20.exd5 exd5 21.Nc3 Bd6 22.Bxg7 Bg3
23.Qg1 Rhe8 24.Bd3 Bf4 25.Re1 Ne6 26.Bf6 Bg3 27.Rd1 d4 28.Bxd4 Nxd4 29.Qxd4 Be5
30.Qb4 Rg8 31.Bf5 Rcd8 32.Rxd8+ Rxd8 33.Rd1 Bxc3 34.Rxd8+ Qxd8 35.Qf4+ Ka7
36.bxc3 Qd1+ 37.Kb2 Qe2 38.Qc7 Ka8 39.Bc8 Bxc8 40.Qxc8+ Ka7 41.Qc7+ Ka8 42.Qxf7 Qxg2
43.Qf8+ Kb7 44.Qxh6 Qxf3 45.h5 a5 46.Qg7+ Kb6 47.h6  1-0

[Event "FIN-ch"]
[Site "Helsinki"]
[Date "1988.??.??"]
[Round "10"]
[White "Raaste, Eero J"]
[Black "Paavilainen, Jorma"]
[Result "0-1"]
[WhiteElo "2415"]
[BlackElo "2285"]

1.e4 c5 2.Nf3 d6 3.d4 cxd4 4.Nxd4 Nf6 5.Nc3 Nc6 6.Bg5 e6 7.Qd2 a6 8.O-O-O h6
9.Bf4 Bd7 10.Nxc6 Bxc6 11.Qe1 Be7 12.h4 Qa5 13.f3 Rd8 14.Kb1 b5 15.g4 b4
16.Ne2 e5 17.Bh2 Rc8 18.Nc1 Bd7 19.Bd3 Qb6 20.g5 Nh5 21.Qd2 g6 22.f4 exf4
23.e5 d5 24.gxh6 Rxh6 25.Bxf4 Nxf4 26.Qxf4 Rh5 27.Ne2 Qe6 28.Ng3 Rxe5 29.Bxa6 Ra8
30.Bd3 Bd6 31.Qf2 Re3 32.Nf1 d4 33.b3 Bc6 34.Nxe3 dxe3 35.Qe1 Bxh1 36.Qxh1 Rd8
37.Qf3 Kf8 38.Rf1 Rd7 39.h5 Kg7 40.hxg6 fxg6 41.Bc4 Qe7 42.Re1 Bc5 43.Rd1 Rxd1+
44.Qxd1 Qd6 45.Qxd6 Bxd6 46.Kc1 Kf6 47.Kd1 Ke5 48.c3 bxc3 49.Kc2 Kf4 50.Be2 Be5
51.a4 Kg3  0-1

[Event "IND-ch"]
[Site "?"]
[Date "1988.??.??"]
[Round "?"]
[White "Sahu, Sekhar Chandra"]
[Black "Ganesan, Sankar"]
[Result "1/2-1/2"]
[WhiteElo "2325"]
[BlackElo "2270"]

1.e4 c5 2.Nf3 Nc6 3.d4 cxd4 4.Nxd4 Nf6 5.Nc3 d6 6.Bg5 e6 7.Qd3 Be7 8.Be2 O-O
9.Rd1 Nxd4 10.Qxd4 Qc7 11.O-O Bd7 12.Bxf6 Bxf6 13.Qxd6 Qxd6 14.Rxd6 Bc6 15.f3 Bxc3
16.bxc3 Rfd8 17.Rxd8+ Rxd8 18.Bd3 Kf8 19.Kf2 Ke7 20.f4 Kd6 21.e5+ Kc5 22.Ke3 g6
23.g3 Kb6 24.h4 h5 25.Rb1+ Kc7 26.c4 Rc8 27.Rb3 Kb8 28.Rc3 Be8 29.c5 Kc7
30.a4 Bc6 31.a5 Rd8 32.a6 bxa6 33.Ra3 Kb7 34.Bxa6+ Kc7 35.Bd3 Kb7 36.Ra5 Rd7
37.Be2 Rd8 38.Ra1 Rd5 39.Ba6+ Kb8 40.Bc4 Rd7 41.Bd3 Rd5 42.Ra5 Rd7 43.Kd2 Kb7
44.Kc3 Kc8 45.Bb5 Bxb5 46.Rxb5 Rd1 47.c6 Kc7 48.Rb7+ Kxc6 49.Rxf7 Rg1 50.Rxa7 Rxg3+
51.Kc4 Rg4 52.Ra6+ Kd7 53.Kc5 Rxf4 54.Ra7+ Kc8 55.Kd6 Rxh4 56.Kxe6 Rc4 57.Kf7 Rxc2
58.e6 Rf2+ 59.Ke8 h4 60.Ra3 g5 61.Ra5 g4 62.e7 g3 63.Rc5+ Kb7 64.Kd7 Rd2+
65.Ke6 Re2+ 66.Re5  1/2-1/2

[Event "Kecskemet"]
[Site "Kecskemet"]
[Date "1988.??.??"]
[Round "?"]
[White "Watson, William N"]
[Black "Yrjola, Jouni"]
[Result "1/2-1/2"]
[WhiteElo "2500"]
[BlackElo "2455"]

1.e4 c5 2.Nf3 d6 3.d4 cxd4 4.Nxd4 Nf6 5.Nc3 Nc6 6.Bg5 e6 7.Qd2 a6 8.O-O-O Bd7
9.f4 b5 10.Bxf6 gxf6 11.Nxc6 Bxc6 12.Qe1 Be7 13.Bd3 Qb6 14.Kb1 h5 15.f5 b4
16.Ne2 e5 17.Ng3 a5 18.Qe2 h4 19.Nf1 Qc5 20.Bc4 Bd8 21.Ne3 Rc8 22.Rhe1 Bxe4
23.Bd5 Bxd5 24.Rxd5 Qc6 25.Red1 Bc7 26.Nc4 Rg8 27.Qe4 Kf8 28.h3 a4 29.Ne3 Bb6
30.Ng4 Ke7 31.Nxf6 Rgd8 32.Ng4 f6 33.Qd3 Bd4 34.Rxd4 exd4 35.Re1+ Kf7 36.Re6 Qxg2
37.Rxf6+ Ke7 38.Re6+ Kf8 39.Rf6+ Ke7 40.Re6+ Kf8 41.Rf6+ Ke7 42.a3 Qh1+ 43.Ka2 Qd5+
44.Kb1 Qh1+  1/2-1/2

[Event "Kecskemet op"]
[Site "Kecskemet"]
[Date "1988.??.??"]
[Round "?"]
[White "Vogt, Lothar"]
[Black "Dobos, Jozsef"]
[Result "1-0"]
[WhiteElo "2460"]
[BlackElo "2260"]

1.e4 c5 2.Nf3 d6 3.d4 cxd4 4.Nxd4 Nf6 5.Nc3 Nc6 6.Bg5 e6 7.Qd2 a6 8.O-O-O h6
9.Be3 Be7 10.f4 Nxd4 11.Bxd4 b5 12.Bd3 Bb7 13.Rhe1 Qc7 14.e5 dxe5 15.Bxe5 Qb6
16.Bd4 Qc7 17.Kb1 O-O-O 18.Qf2 Nd7 19.Be4 Bc5 20.Bxb7+ Kxb7 21.Qf3+ Qc6 22.Ne4 Bxd4
23.Rxd4 Nb8 24.Qd3 Kc7 25.Rd1 Rd7 26.Rd6 Rxd6 27.Nxd6 Qxg2 28.Nxf7 Rc8 29.Nd8 Kb6
30.Qd4+ Ka5 31.c3 Rc4 32.b4+ Ka4 33.Qb6 Qe4+ 34.Ka1  1-0

[Event "URS-FL56"]
[Site "Klaipeda"]
[Date "1988.??.??"]
[Round "?"]
[White "Dolmatov, Sergey"]
[Black "Ionov, Sergey"]
[Result "1-0"]
[WhiteElo "2550"]
[BlackElo "2360"]

1.e4 c5 2.Nf3 d6 3.d4 cxd4 4.Nxd4 Nf6 5.Nc3 Nc6 6.Bg5 e6 7.Qd2 a6 8.O-O-O h6
9.Be3 Be7 10.f4 Nxd4 11.Bxd4 b5 12.Bd3 Bb7 13.Kb1 Qc7 14.Rhe1 O-O 15.Qf2 b4
16.Na4 e5 17.fxe5 dxe5 18.Bc5 Rac8 19.Bxe7 Qxe7 20.Nb6 Rcd8 21.Qf5 g6 22.Qf1 a5
23.Re2 Kg7 24.Rde1 Qc5 25.Na4 Qc6 26.b3 Rd4 27.Qf3 Bc8 28.h3 Nh5 29.Nb2 Nf4
30.Rf2 f6 31.h4 h5 32.g3 Bg4 33.Qe3 Ne6 34.Bc4 Nc7 35.Nd3 Qd6 36.a4 Bd7 37.Nb2 Bg4
38.Be2 Be6 39.Rg2 Qc6 40.Bf3 Qd7 41.g4 hxg4 42.Reg1 f5 43.exf5 gxf5 44.Nc4 Bxc4
45.Qxe5+ Rf6 46.bxc4 Rxc4 47.Rd1 Qe6 48.Qxa5 Rf7 49.Re2 Qf6 50.Bb7 Rd4 51.Rc1 Ne6
52.Bc8 Nf4 53.Re5 Qd6 54.Rxf5 Nd5 55.Rg5+ Kh6 56.Bxg4 Rff4 57.Qa7 Qe7 58.Qxe7 Nxe7
59.Rg1 Rd5 60.Be2 Rxh4 61.R5g3 Rd2 62.Bd3 b3 63.cxb3 Rhh2 64.Re3 Rb2+ 65.Kc1 Rxb3
66.Re6+ Kh5 67.Be2+  1-0

[Event "BKL-Turnier"]
[Site "Leipzig"]
[Date "1988.??.??"]
[Round "?"]
[White "Vogt, Lothar"]
[Black "Kiss, Attila"]
[Result "1/2-1/2"]
[WhiteElo "2460"]
[BlackElo "2375"]

1.e4 c5 2.Nf3 Nc6 3.d4 cxd4 4.Nxd4 Nf6 5.Nc3 d6 6.Bg5 e6 7.Qd2 a6 8.O-O-O Bd7
9.f4 b5 10.Bxf6 gxf6 11.Nxc6 Bxc6 12.Bd3 Qb6 13.f5 h5 14.Kb1 b4 15.Ne2 Bh6
16.Qe1 e5 17.Ng3 h4 18.Nf1 Ke7 19.Nd2 a5 20.Bc4 Rag8 21.Qe2 Qe3 22.Rhe1 Qxe2
23.Rxe2 Bxd2 24.Rdxd2 Rg4 25.Bd5 Rc8 26.b3 Bxd5 27.Rxd5 Rc5 28.Rxc5 dxc5
29.c3 Rf4 30.Kc2 Rf1 31.Kd3 Kd6 32.cxb4 axb4 33.Ke3 Kc6 34.Rd2 Re1+ 35.Kf3 Rf1+
36.Rf2 Rxf2+ 37.Kxf2 c4 38.bxc4 Kc5 39.h3 Kxc4 40.g3 hxg3+ 41.Kxg3 Kc3 42.h4 Kb2
43.h5 Kxa2 44.h6 b3 45.h7 b2 46.h8=Q b1=Q 47.Qxf6 Qd3+  1/2-1/2

[Event "Liechtenstein op"]
[Site "Liechtenstein"]
[Date "1988.??.??"]
[Round "?"]
[White "Komljenovic, Davor"]
[Black "Kozul, Zdenko"]
[Result "0-1"]
[WhiteElo "2440"]
[BlackElo "2470"]

1.e4 c5 2.Nf3 d6 3.d4 cxd4 4.Nxd4 Nf6 5.Nc3 Nc6 6.Bg5 e6 7.Qd2 a6 8.O-O-O Bd7
9.f4 b5 10.Bxf6 gxf6 11.Nf3 Qa5 12.Kb1 b4 13.Ne2 Qb6 14.f5 e5 15.Ng3 h5 16.Bc4 Qc5
17.Qe2 Na5 18.Bxa6 Qc6 19.Bd3 Ke7 20.h4 Bh6 21.Nxh5 Qa4 22.g4 Nb3 23.cxb3 Qxa2+
24.Kc2 Rhc8+ 25.Bc4 Bb5 26.g5 Rxc4+ 27.bxc4 Bxc4 28.Qe3 Ra3 29.gxf6+ Ke8
30.Ng7+ Bxg7 31.fxg7 f6 32.Rd5 Bb3+ 33.Kc1 Qa1+ 34.Kd2 Qxb2+  0-1

[Event "Lloyds Bank op"]
[Site "London"]
[Date "1988.??.??"]
[Round "?"]
[White "Ernst, Thomas"]
[Black "Chandler, Murray G"]
[Result "1/2-1/2"]
[WhiteElo "2450"]
[BlackElo "2605"]

1.e4 c5 2.Nf3 d6 3.d4 cxd4 4.Nxd4 Nf6 5.Nc3 Nc6 6.Bg5 e6 7.Qd2 Be7 8.O-O-O O-O
9.Nb3 a6 10.Bxf6 gxf6 11.Qh6 Kh8 12.Qh5 Rg8 13.f4 Rg7 14.Rd3 b5 15.g4 Qb6
16.Rf3 Bb7 17.h4 Rc8 18.g5 Nd4 19.Nxd4 Qxd4 20.Bd3 Rxc3 21.bxc3 Qxc3 22.Kb1 Qb4+
23.Kc1 d5 24.gxf6 Bxf6 25.e5 Be7 26.Rhf1 Qd4 27.R3f2 Bc6 28.Qf3 Qa1+ 29.Kd2 Bb4+
30.Ke2 Qc3 31.Rd1 d4 32.Qh5 Bd5 33.Kf1 Qc6 34.Ke2 Be4 35.Kf1 Rg3 36.Rh2 Rg6
37.Rf2 Rg3 38.Rh2 Kg7 39.Kf2 Rf3+ 40.Kg1 Rg3+ 41.Kf2 Rf3+ 42.Kg1 Rg3+  1/2-1/2

[Event "Lloyds Bank op"]
[Site "London"]
[Date "1988.??.??"]
[Round "?"]
[White "Rogers, Ian"]
[Black "Wilder, Michael"]
[Result "1/2-1/2"]
[WhiteElo "2540"]
[BlackElo "2505"]

1.e4 c5 2.Nf3 d6 3.d4 cxd4 4.Nxd4 Nf6 5.Nc3 Nc6 6.Bg5 e6 7.Qd2 a6 8.O-O-O h6
9.Be3 Be7 10.f4 Nxd4 11.Bxd4 b5 12.Bd3 Bb7 13.Kb1 Qc7 14.e5 dxe5 15.fxe5 Nd7
16.Ne4 Bxe4 17.Bxe4 Rd8 18.Qc3 Qxc3 19.Bxc3 b4 20.Bd4 O-O 21.Bc6 a5 22.b3 Nc5
23.Bf2 Rc8 24.Bf3 Rc7 25.Rhe1 Rfc8 26.Re2 Kf8 27.Be1 Nd7 28.Bg3 Ke8 29.Red2 Bg5
30.Re2 Be7  1/2-1/2

[Event "Lyon"]
[Site "Lyon"]
[Date "1988.??.??"]
[Round "?"]
[White "Van der Wiel, John TH"]
[Black "Santo Roman, Marc"]
[Result "1/2-1/2"]
[WhiteElo "2555"]
[BlackElo "2435"]

1.e4 c5 2.Nf3 Nc6 3.d4 cxd4 4.Nxd4 Nf6 5.Nc3 d6 6.Bg5 e6 7.Qd2 a6 8.O-O-O Bd7
9.f4 h6 10.Bh4 g5 11.fxg5 Ng4 12.Nxc6 Bxc6 13.Qf4 hxg5 14.Bxg5 Qxg5 15.Qxg5 Bh6
16.Qxh6 Rxh6 17.Rxd6 Nf2 18.Rg1 Rxh2 19.Be2 Ke7 20.Rd4 Rg8 21.Bf3 f5 22.Nd5+ exd5
23.exd5 Bd7 24.d6+ Kf6 25.Rf1 Nh1 26.Re1 b5 27.c4 bxc4 28.Rxc4 Nf2 29.Rc3 Ne4
30.Rc7 Ke6 31.b3 Kxd6 32.Ra7 Bc6 33.Rxa6 Ra8 34.Rxc6+ Kxc6 35.Rxe4 Rc8 36.Rd4+ Kb6+
37.Kb2 Rh6 38.a4 Re8 39.Rd5 Rf6 40.Rd7 Ree6 41.Kc3 Rd6 42.Rb7+ Ka6 43.Rb8 Rf7
44.Ra8+ Ra7 45.Be2+ Kb6 46.Rb8+ Rb7 47.Rf8 Re7 48.Bf1 Re5 49.Kb4 Rg6 50.Rf7 Rg4+
51.Bc4 Rxg2 52.a5+ Kc6 53.a6 Ra2 54.Rf6+ Kc7 55.Kc3 Ra1 56.Rf7+ Kb6 57.Rf6+ Ka7
58.Rf7+ Kb6 59.Kb4 Rea5 60.Rf6+ Ka7 61.Be2 Rxa6  1/2-1/2

[Event "Lyon"]
[Site "Lyon"]
[Date "1988.??.??"]
[Round "?"]
[White "Van der Wiel, John TH"]
[Black "Lobron, Eric"]
[Result "1/2-1/2"]
[WhiteElo "2555"]
[BlackElo "2490"]

1.e4 c5 2.Nf3 d6 3.d4 cxd4 4.Nxd4 Nf6 5.Nc3 Nc6 6.Bg5 e6 7.Qd2 Be7 8.O-O-O O-O
9.Nb3 d5 10.exd5 Nxd5 11.Bxe7 Qxe7 12.Nxd5 exd5 13.Bb5 Be6 14.Rhe1 Rac8 15.Kb1 Qd6
16.h3 a6 17.Bxc6 bxc6 18.Qe3 c5 19.Qe5 Qb6 20.f4 d4 21.f5 Bxb3 22.axb3 Qc6
23.Qe4 Qf6 24.g4 a5 25.Qd3  1/2-1/2